000
00258nam a2200097Ia 4500
001
1135447
005
20250827005148.0
008
250824s9999 xx 000 0 und d
245
0
_a
MUCİZELER DÜKKANINA DÖNÜŞ
_c
DEBBIE MACOMBER
260
_b
MARTI YAYINCILIK
999
_c
1135447
_d
1135447